000
00307 a2200109 4500
001
ART_7181
005
20260410161700.0
008
260409a
245
1
0
_a
Fluctuaciones periféricas
100
1
_a
Heymann, Daniel
773
0
_t
Ensayos Económicos
_g
- Nº 57/58 (ene./jun. 2010)
_w
REV620
999
_c
15065
_d
15065